[Event "FBL 1"]
[Site "Deutschland"]
[Date "2013.03.09"]
[Round "10.3"]
[White "Goihl, Mona"]
[Black "Winkelmann, Elena"]
[Result "0-1"]
[WhiteElo "2095"]
[BlackElo "2104"]
[PlyCount "102"]
[EventDate "2012.10.06"]
[WhiteTeam "Schachverein Wattenscheid 1930"]
[BlackTeam "Rodewischer Schachmiezen"]

1. e4 c5 2. Nf3 d6 3. c3 Nf6 4. Be2 g6 5. O-O Bg7 6. Bb5+ Nc6 7. Re1 O-O 8.
Bxc6 bxc6 9. e5 Nd5 10. d4 Bg4 11. dxc5 dxe5 12. h3 Bxf3 13. Qxf3 f5 14. a3 Qc7
15. Qg3 Rad8 16. b4 Nf4 17. Bxf4 exf4 18. Qf3 e5 19. Ra2 e4 20. Qe2 Rd3 21. Rd1
f3 22. Qf1 fxg2 23. Kxg2 Rxd1 24. Qxd1 f4 25. Qd6 Qf7 26. Rc2 Qb3 27. Rc1 f3+
28. Kg1 e3 29. fxe3 f2+ 30. Kg2 f1=Q+ 31. Rxf1 Rxf1 32. Kxf1 Qxb1+ 33. Kf2 Qc2+
34. Kf3 Qf5+ 35. Ke2 Qxh3 36. Qxc6 Qg4+ 37. Kf2 Qf5+ 38. Ke2 Qc2+ 39. Kf3 Qd1+
40. Kf2 Qd2+ 41. Kf3 Qd1+ 42. Kf2 Qc2+ 43. Kf3 Qf5+ 44. Ke2 h5 45. Qa8+ Kh7 46.
c6 Qc2+ 47. Kf3 Qf5+ 48. Ke2 Qg4+ 49. Kf2 Be5 50. Qxa7+ Kh6 51. Qe7 Bg3+ 0-1

[Event "FBL 1"]
[Site "Deutschland"]
[Date "2013.03.09"]
[Round "10.4"]
[White "Steinbacher, Claudia"]
[Black "Huppertz, Andrea"]
[Result "1-0"]
[WhiteElo "2134"]
[BlackElo "1864"]
[PlyCount "103"]
[EventDate "2012.10.06"]
[WhiteTeam "Rodewischer Schachmiezen"]
[BlackTeam "Schachverein Wattenscheid 1930"]

1. d4 d5 2. c4 c6 3. Nc3 Nf6 4. Bg5 e6 5. e3 Be7 6. Nf3 O-O 7. Bd3 Nbd7 8. O-O
dxc4 9. Bxc4 b5 10. Bd3 b4 11. Ne2 h6 12. Bh4 Bb7 13. Rc1 c5 14. Nd2 cxd4 15.
Nxd4 Ne5 16. Bb1 Ba6 17. Re1 Rc8 18. Bxf6 Bxf6 19. Qa4 Qb6 20. Ne4 Be7 21. Qb3
Bc4 22. Qd1 Qa6 23. b3 Bd3 24. Qd2 Bxb1 25. Rxb1 Rfd8 26. Qe2 Qb7 27. Ng3 Nc6
28. Nf3 Bd6 29. Red1 Ne5 30. Rxd6 Nxf3+ 31. Qxf3 Qc7 32. Rxd8+ Rxd8 33. Rd1 Rc8
34. Qe4 Qc3 35. h3 a5 36. Nf1 Qb2 37. Rd2 Qa1 38. g3 g6 39. Kg2 Rc1 40. Rd8+
Kh7 41. Qd4 Qxd4 42. Rxd4 Rc2 43. Rd2 Rc1 44. e4 Kg7 45. Ne3 Rc3 46. Kf1 h5 47.
Ke2 Rc5 48. Rc2 Rb5 49. Rc7 g5 50. Nc4 Kg6 51. Rxf7 Rc5 52. Ra7 1-0

[Event "FBL 1"]
[Site "Deutschland"]
[Date "2013.03.09"]
[Round "10.5"]
[White "Kraus, Tanja"]
[Black "Kubikova, Alena"]
[Result "1/2-1/2"]
[WhiteElo "1916"]
[BlackElo "2095"]
[PlyCount "31"]
[EventDate "2012.10.06"]
[WhiteTeam "Schachverein Wattenscheid 1930"]
[BlackTeam "Rodewischer Schachmiezen"]

1. e4 e6 2. d4 d5 3. Nc3 dxe4 4. Nxe4 Nd7 5. Nf3 Ngf6 6. Bd3 Be7 7. O-O Nxe4 8.
Bxe4 c5 9. c3 Nf6 10. Bd3 cxd4 11. Nxd4 O-O 12. Re1 Qb6 13. Qc2 g6 14. Bh6 Rd8
15. Bg5 a6 16. Nf3 1/2-1/2

[Event "FBL 1"]
[Site "Deutschland"]
[Date "2013.03.09"]
[Round "10.6"]
[White "Sandner, Heike"]
[Black "Buechle, Regina"]
[Result "1/2-1/2"]
[WhiteElo "1986"]
[BlackElo "1977"]
[PlyCount "35"]
[EventDate "2012.10.06"]
[WhiteTeam "Rodewischer Schachmiezen"]
[BlackTeam "Schachverein Wattenscheid 1930"]

1. e4 c5 2. Nf3 d6 3. d4 cxd4 4. Nxd4 Nf6 5. Nc3 e6 6. Be2 Be7 7. Be3 Nc6 8.
O-O O-O 9. Kh1 a6 10. f4 Nxd4 11. Bxd4 b5 12. a3 Bb7 13. Bd3 g6 14. Qf3 d5 15.
e5 Nd7 16. Qg3 Nc5 17. Be2 Kh8 18. Qe3 1/2-1/2

[Event "FBL 1"]
[Site "Deutschland"]
[Date "2013.03.09"]
[Round "10.1"]
[White "Schleining, Zoya"]
[Black "Paehtz, Elisabeth"]
[Result "0-1"]
[WhiteElo "2340"]
[BlackElo "2483"]
[PlyCount "114"]
[EventDate "2012.10.06"]
[WhiteTeam "Schachverein Mülheim-Nord 1931"]
[BlackTeam "SC Bad Königshofen 1957"]

1. d4 e6 2. Nf3 c5 3. e4 cxd4 4. Nxd4 a6 5. Bd3 Bc5 6. Nb3 Be7 7. Qg4 g6 8. Qe2
d6 9. O-O Qc7 10. Kh1 Nd7 11. Nc3 b6 12. f3 Bb7 13. Be3 Ngf6 14. Bh6 Ne5 15. a4
Rg8 16. Be3 Ned7 17. Nd2 h5 18. Rad1 Rh8 19. Bd4 Kf8 20. Bc4 Kg7 21. Ba2 h4 22.
Nc4 Rh5 23. Qd2 Rd8 24. Ne2 e5 25. Bf2 d5 26. exd5 Bxd5 27. Qc3 Nc5 28. Bb3
Nxa4 29. Bxa4 Qxc4 30. Qxc4 Bxc4 31. Rxd8 Bxd8 32. Rd1 Bc7 33. Nc3 b5 34. Bb3
Bxb3 35. cxb3 h3 36. g4 Rh8 37. g5 Nh5 38. Rd7 Rc8 39. Bg3 Nf4 40. b4 Bd8 41.
Bxf4 exf4 42. Kg1 Bxg5 43. Kf1 Rc4 44. Ne4 Bh4 45. Nd6 Rc1+ 46. Ke2 Rc2+ 47.
Kd3 Rxh2 48. Rxf7+ Kh6 49. Rxf4 Bg3 50. Rf6 Bxd6 51. Rxd6 Rxb2 52. Rxa6 Rxb4
53. Ke3 Rh4 54. Ra1 h2 55. Rh1 Kg5 56. Kf2 Kf4 57. Kg2 b4 0-1

[Event "FBL 1"]
[Site "Deutschland"]
[Date "2013.03.09"]
[Round "10.2"]
[White "Savina, Anastasia"]
[Black "Kalinina, Olga"]
[Result "0-1"]
[WhiteElo "2303"]
[BlackElo "2259"]
[PlyCount "98"]
[EventDate "2012.10.06"]
[WhiteTeam "SC Bad Königshofen 1957"]
[BlackTeam "Schachverein Mülheim-Nord 1931"]

1. d4 d5 2. c4 dxc4 3. Nf3 Nf6 4. e3 e6 5. Bxc4 c5 6. Qe2 a6 7. dxc5 Bxc5 8.
O-O Nc6 9. a3 Qc7 10. b4 Be7 11. Bb2 O-O 12. Nbd2 Bd7 13. Rac1 Rac8 14. e4 Rfd8
15. e5 Nd5 16. Qe4 Be8 17. Bd3 g6 18. Bb1 b5 19. Qg4 h5 20. Qg3 a5 21. bxa5
Qxa5 22. Ne4 b4 23. Nd6 Bxd6 24. exd6 bxa3 25. Ba1 Qb4 26. d7 Rxd7 27. Ne5 Rdc7
28. Rc4 Qe7 29. Bxg6 fxg6 30. Nxg6 Bxg6 31. Qxg6+ Kf8 32. Qxh5 Qf7 33. Qh6+ Ke7
34. Qh3 Ra7 35. Rfc1 Kd7 36. Rh4 Nce7 37. Rxc8 Kxc8 38. Rh7 Qg6 39. Rh8+ Kd7
40. Qb3 Qe4 41. g3 Qe1+ 42. Kg2 Qxa1 43. Qb8 Rc7 44. Qd8+ Kc6 45. Qa8+ Kd6 46.
Rd8+ Ke5 47. Qa4 Qd4 48. Qxa3 Qe4+ 49. Qf3 Ne3+ 0-1

[Event "FBL 1"]
[Site "Deutschland"]
[Date "2013.03.09"]
[Round "10.3"]
[White "Vovk, Oksana"]
[Black "Schoene, Maria"]
[Result "0-1"]
[WhiteElo "2154"]
[BlackElo "2190"]
[PlyCount "88"]
[EventDate "2012.10.06"]
[WhiteTeam "Schachverein Mülheim-Nord 1931"]
[BlackTeam "SC Bad Königshofen 1957"]

1. d4 Nf6 2. c4 g6 3. g3 Bg7 4. Bg2 O-O 5. Nc3 d6 6. e4 Nc6 7. Nge2 a6 8. O-O
e5 9. d5 Na5 10. Qd3 c5 11. dxc6 bxc6 12. b3 Qc7 13. Ba3 c5 14. Rad1 Rd8 15. f4
Nc6 16. f5 Nd4 17. Bc1 Bb7 18. fxg6 fxg6 19. Bg5 Rf8 20. Bh3 h5 21. Nxd4 cxd4
22. Nd5 Nxd5 23. cxd5 a5 24. Qc4 Qb6 25. Rfe1 Rf3 26. Rc1 h4 27. Be6+ Kh8 28.
gxh4 d3+ 29. Kh1 Qb4 30. Bg4 Qxc4 31. bxc4 Rf2 32. Red1 Rxa2 33. Rxd3 a4 34.
Be7 Bf8 35. Bf6+ Kh7 36. h5 a3 37. Rb3 Rb2 38. Rh3 a2 39. Be6 Rb1 40. Bg5 a1=Q
41. hxg6+ Kxg6 42. Bf5+ Kxg5 43. Rg3+ Kf4 44. Rg4+ Ke3 0-1

[Event "FBL 1"]
[Site "Deutschland"]
[Date "2013.03.09"]
[Round "10.4"]
[White "Gromova, Julia"]
[Black "Vogel, Heike"]
[Result "1/2-1/2"]
[WhiteElo "2226"]
[BlackElo "2153"]
[PlyCount "69"]
[EventDate "2012.10.06"]
[WhiteTeam "SC Bad Königshofen 1957"]
[BlackTeam "Schachverein Mülheim-Nord 1931"]

1. d4 c5 2. d5 e5 3. e4 d6 4. Nc3 g6 5. h3 Bg7 6. Nf3 Ne7 7. Bg5 h6 8. Be3 f5
9. exf5 gxf5 10. Nh4 O-O 11. Qh5 f4 12. Bd2 e4 13. Nxe4 Nf5 14. Nxf5 Bxf5 15.
f3 Nd7 16. O-O-O Ne5 17. Be1 Qd7 18. Bc3 Qa4 19. Kb1 Rae8 20. b3 Qd7 21. Qh4 a6
22. Qxf4 Bxe4 23. Qxe4 b5 24. Bd3 Nxd3 25. Qxd3 Bxc3 26. Qxc3 Re2 27. g4 Qe7
28. Rde1 Rxf3 29. Qxf3 Rxe1+ 30. Rxe1 Qxe1+ 31. Kb2 Qe5+ 32. Kb1 Qe1+ 33. Kb2
Qe5+ 34. Kc1 Qe1+ 35. Kb2 1/2-1/2

[Event "FBL 1"]
[Site "Deutschland"]
[Date "2013.03.09"]
[Round "10.5"]
[White "Zhang, Fan"]
[Black "Mikliaeva, Darja"]
[Result "1/2-1/2"]
[WhiteElo "2073"]
[BlackElo "2131"]
[PlyCount "79"]
[EventDate "2012.10.06"]
[WhiteTeam "Schachverein Mülheim-Nord 1931"]
[BlackTeam "SC Bad Königshofen 1957"]

1. e4 d5 2. exd5 Qxd5 3. Nc3 Qa5 4. d4 c6 5. Nf3 Bf5 6. Bd3 Bxd3 7. Qxd3 e6 8.
Bd2 Nf6 9. Ne4 Qc7 10. O-O Be7 11. c4 Nbd7 12. Bc3 Qf4 13. Nxf6+ Nxf6 14. Bd2
Qc7 15. Rfe1 O-O 16. Qe2 Rfe8 17. Ne5 Bd6 18. Bc3 Rad8 19. Rad1 Bxe5 20. Qxe5
Qxe5 21. Rxe5 Nd7 22. Re3 Nf6 23. h3 b6 24. Red3 Ne4 25. Bb4 a5 26. Be1 a4 27.
b3 b5 28. cxb5 cxb5 29. f3 Nd6 30. Bb4 Nb7 31. d5 h6 32. dxe6 fxe6 33. Rd7 e5
34. R1d2 Rxd7 35. Rxd7 Nd8 36. Rd5 axb3 37. axb3 Nc6 38. Rxb5 Nd4 39. Rb7 Nxb3
40. Bc3 1/2-1/2

[Event "FBL 1"]
[Site "Deutschland"]
[Date "2013.03.09"]
[Round "10.1"]
[White "Kononenko, Tatiana"]
[Black "Levushkina, Elena"]
[Result "1/2-1/2"]
[WhiteElo "2374"]
[BlackElo "2301"]
[PlyCount "138"]
[EventDate "2012.10.06"]
[WhiteTeam "USV Volksbank Halle"]
[BlackTeam "SF 1891 Friedberg"]

1. d4 d5 2. c4 dxc4 3. e3 Nf6 4. Bxc4 e6 5. Nf3 c5 6. O-O a6 7. dxc5 Bxc5 8.
Qxd8+ Kxd8 9. Rd1+ Ke7 10. Be2 Nc6 11. Nc3 b5 12. b3 Bb7 13. Bb2 Rhd8 14. Rac1
Rxd1+ 15. Rxd1 Rc8 16. Nd2 Nb4 17. a4 Nbd5 18. Nxd5+ Bxd5 19. axb5 axb5 20.
Bxb5 Rb8 21. Ba4 Bb4 22. Nf3 Ne4 23. Ne5 Rc8 24. Nd3 Bd6 25. Rc1 Rxc1+ 26. Nxc1
f6 27. Nd3 Nd2 28. b4 Nc4 29. Bc3 Nb6 30. Bd1 Bc6 31. Nc5 Nd5 32. Bd2 Nc7 33.
Be2 Bxc5 34. bxc5 Kd7 35. Bd3 h6 36. f4 Bb5 37. Bc2 Kc6 38. Kf2 Kxc5 39. g4 Bc6
40. Kg3 Nd5 41. Bb3 Bd7 42. h4 Nb6 43. Bc3 Nd5 44. Bd2 Nb6 45. Bc3 Nd5 46. Bd4+
Kb4 47. Bc2 e5 48. Ba7 exf4+ 49. exf4 Kc4 50. h5 Ne7 51. Bb8 Kc5 52. Ba7+ Kc4
53. Bb1 Kd5 54. Ba2+ Kd6 55. Bd4 Be6 56. Bb1 Nc6 57. Bb2 Ke7 58. Ba3+ Ke8 59.
Bg6+ Bf7 60. Bc2 Bd5 61. Bg6+ Bf7 62. Bd3 Bd5 63. Kf2 Ne7 64. Ke3 Be6 65. f5
Bb3 66. Be2 Kf7 67. Bf3 Bd5 68. Bd1 Nc6 69. Kf4 Ne5 1/2-1/2

[Event "FBL 1"]
[Site "Deutschland"]
[Date "2013.03.09"]
[Round "10.3"]
[White "Straub, Natalia"]
[Black "Genova, Lyubka"]
[Result "0-1"]
[WhiteElo "2210"]
[BlackElo "2276"]
[PlyCount "88"]
[EventDate "2012.10.06"]
[WhiteTeam "USV Volksbank Halle"]
[BlackTeam "SF 1891 Friedberg"]

1. d4 g6 2. c4 Bg7 3. g3 Nf6 4. Bg2 O-O 5. Nc3 d6 6. Nf3 Nbd7 7. O-O e5 8. e4
Re8 9. h3 exd4 10. Nxd4 Nc5 11. Re1 h6 12. Rb1 a5 13. Ndb5 Be6 14. b3 Re7 15.
Be3 b6 16. Qd2 Kh7 17. f4 Qe8 18. f5 gxf5 19. exf5 Bxf5 20. Bxc5 Bxb1 21. Rxe7
Qxe7 22. Bxa8 bxc5 23. Nxb1 Nh5 24. g4 Nf6 25. N1c3 Nd7 26. Be4+ Kg8 27. Bg2
Qh4 28. Ne2 Ne5 29. Nxc7 h5 30. gxh5 Qxh5 31. Nf4 Qg5 32. Kh1 Ng6 33. Ncd5 Be5
34. Qxa5 Nxf4 35. Qd2 Qg3 36. Ne7+ Kf8 37. Nf5 Qg6 38. Be4 Qh5 39. h4 Qg4 40.
Qe3 Qd1+ 41. Qg1 Qe2 42. Ng3 Qxa2 43. Qb1 Qd2 44. Qf1 Nh5 0-1

[Event "FBL 1"]
[Site "Deutschland"]
[Date "2013.03.09"]
[Round "10.5"]
[White "Glaser, Andrea"]
[Black "Padurariu, Ioana Smaranda"]
[Result "1/2-1/2"]
[WhiteElo "1979"]
[BlackElo "2236"]
[PlyCount "97"]
[EventDate "2012.10.06"]
[WhiteTeam "USV Volksbank Halle"]
[BlackTeam "SF 1891 Friedberg"]

1. d4 Nf6 2. Nf3 e6 3. g3 b6 4. Bg2 Bb7 5. O-O Be7 6. c4 O-O 7. Nc3 Ne4 8. Qc2
Nxc3 9. Qxc3 Be4 10. Bf4 f5 11. Rfd1 d6 12. c5 Bf6 13. cxd6 cxd6 14. Nd2 Bxg2
15. Kxg2 g5 16. Be3 Nd7 17. Nf3 Rc8 18. Qa3 g4 19. Ne1 Qc7 20. Rac1 Qb7+ 21.
Kg1 Be7 22. Nd3 Kf7 23. Bf4 Qb8 24. b4 Nf6 25. Rxc8 Rxc8 26. Rc1 Rxc1+ 27. Qxc1
Nd5 28. Qc6 b5 29. Kg2 Qb6 30. Qxb6 Nxb6 31. f3 h5 32. e4 gxf3+ 33. Kxf3 fxe4+
34. Kxe4 Nd5 35. Bd2 Bf6 36. Nf4 Nxf4 37. Bxf4 d5+ 38. Kd3 Kg6 39. h3 Kf5 40.
Bb8 a6 41. Ke3 Be7 42. a3 Bg5+ 43. Bf4 Bf6 44. Bc7 Bg7 45. Bd6 Bf6 46. Bc7 Bh8
47. Bd6 Bg7 48. Bc7 Bf6 49. Bd6 1/2-1/2

[Event "FBL 1"]
[Site "Deutschland"]
[Date "2013.03.09"]
[Round "10.6"]
[White "Toth, Lili"]
[Black "Wilhelm, Ursula"]
[Result "1-0"]
[WhiteElo "2168"]
[BlackElo "1572"]
[PlyCount "103"]
[EventDate "2012.10.06"]
[WhiteTeam "SF 1891 Friedberg"]
[BlackTeam "USV Volksbank Halle"]

1. d4 d5 2. c4 e6 3. Nf3 Nf6 4. g3 Be7 5. Bg2 O-O 6. O-O c6 7. Nc3 Nbd7 8. b3
dxc4 9. bxc4 Nb6 10. c5 Nbd5 11. Bb2 Nxc3 12. Bxc3 Nd5 13. Bb2 f5 14. Ne5 Bf6
15. e4 Ne7 16. Qc2 Bxe5 17. dxe5 f4 18. Rad1 Qe8 19. f3 Ng6 20. Rd6 Rf7 21.
Rfd1 Bd7 22. Qd3 Rd8 23. Bh3 Nf8 24. Bc1 g5 25. gxf4 gxf4 26. Kh1 Kh8 27. Rg1
Qe7 28. Bg4 Qh4 29. Bd2 Qe7 30. Bh5 Rg7 31. Rxg7 Kxg7 32. Bxf4 Qh4 33. Bg4 h5
34. Bg3 Qg5 35. Bxe6 h4 36. Bxh4 Qxh4 37. Bxd7 Qe1+ 38. Kg2 Qc1 39. Bf5 Qb2+
40. Kh3 Rxd6 41. Qxd6 Qf2 42. Qe7+ Kg8 43. Qg5+ Kh8 44. Qh6+ Kg8 45. Be6+ Nxe6
46. Qxe6+ Kf8 47. Qf6+ Ke8 48. e6 Qf1+ 49. Kh4 Qf2+ 50. Kg5 Qg2+ 51. Kh6 Qxh2+
52. Kg7 1-0

[Event "FBL 1"]
[Site "Deutschland"]
[Date "2013.03.09"]
[Round "10.1"]
[White "Kulovana, Eva"]
[Black "Nebolsina, Vera"]
[Result "1/2-1/2"]
[WhiteElo "2259"]
[BlackElo "2270"]
[PlyCount "121"]
[EventDate "2012.10.06"]
[WhiteTeam "SK Großlehna"]
[BlackTeam "SF Deizisau"]

1. e4 e5 2. Nf3 Nc6 3. Bb5 a6 4. Ba4 Nf6 5. O-O Be7 6. Bxc6 dxc6 7. d3 Bg4 8.
h3 Bxf3 9. Qxf3 Nd7 10. Nd2 Bg5 11. Nc4 Bxc1 12. Raxc1 Qe7 13. Qg3 O-O-O 14.
Ne3 g5 15. Nf5 Qf6 16. Qe3 Kb8 17. Rfd1 Nf8 18. c3 Ng6 19. Rd2 h5 20. g3 h4 21.
g4 Nf4 22. Rcd1 Rd7 23. d4 exd4 24. Nxd4 Rdd8 25. Ne2 Ng6 26. Rxd8+ Rxd8 27.
Rxd8+ Qxd8 28. Qd4 Qe7 29. Kg2 c5 30. Qe3 Ne5 31. b3 f6 32. Qd2 Nf7 33. Qd3 Nd6
34. f3 c6 35. Qd2 Kc7 36. Qd3 Qe5 37. Qd2 Nf7 38. Qd3 Nd8 39. Qd1 Ne6 40. Qd2
b6 41. Kg1 a5 42. Kg2 b5 43. a3 Nf8 44. Qd1 Ne6 45. Qd2 b4 46. axb4 axb4 47.
cxb4 Nd4 48. bxc5 Nxb3 49. Qd6+ Qxd6 50. cxd6+ Kxd6 51. f4 c5 52. e5+ fxe5 53.
fxg5 Nd4 54. g6 Ke7 55. Nc3 c4 56. Ne4 Ne6 57. Kf3 Kf8 58. g5 Kg7 59. Kg4 Kxg6
60. Kxh4 c3 61. Nxc3 1/2-1/2

[Event "FBL 1"]
[Site "Deutschland"]
[Date "2013.03.09"]
[Round "10.2"]
[White "Manakov, Marina"]
[Black "Havlikova, Kristyna"]
[Result "0-1"]
[WhiteElo "2294"]
[BlackElo "2293"]
[PlyCount "148"]
[EventDate "2012.10.06"]
[WhiteTeam "SF Deizisau"]
[BlackTeam "SK Großlehna"]

1. d4 Nf6 2. Nf3 g6 3. Bf4 Bg7 4. e3 O-O 5. Be2 d6 6. h3 Nbd7 7. O-O c5 8. c3
b6 9. Nbd2 Bb7 10. a4 a6 11. Bh2 Ra7 12. Re1 Qa8 13. Bf1 Re8 14. Qb3 h6 15. Bc4
Bd5 16. Bxd5 Nxd5 17. Nc4 N5f6 18. Qa2 Qc6 19. Rad1 Qc7 20. e4 b5 21. Ne3 cxd4
22. cxd4 e6 23. Rc1 Qb8 24. e5 dxe5 25. Nxe5 Nxe5 26. Bxe5 Qa8 27. Rc2 Rd8 28.
Rec1 Nd5 29. Nxd5 Qxd5 30. Qxd5 Rxd5 31. Rc8+ Kh7 32. R8c7 Rxc7 33. Rxc7 Bxe5
34. dxe5 Kg7 35. Ra7 bxa4 36. Rxa6 Rxe5 37. Rxa4 Re1+ 38. Kh2 Re2 39. Kg3 Rxb2
40. Ra3 g5 41. Ra4 h5 42. h4 Rb3+ 43. f3 g4 44. Ra7 Kg6 45. Re7 Kf6 46. Re8 e5
47. Kf2 Kf5 48. Ra8 Rd3 49. Ra5 gxf3 50. gxf3 Kf4 51. Ra4+ Rd4 52. Ra2 f5 53.
Rb2 Ra4 54. Rc2 Ra3 55. Rc4+ e4 56. fxe4 fxe4 57. Kg2 Rg3+ 58. Kf2 Rh3 59. Rc8
Rh2+ 60. Kg1 Rxh4 61. Rc3 e3 62. Kg2 Rg4+ 63. Kf1 Kf3 64. Rc2 Ra4 65. Rf2+ Ke4
66. Rf8 Kd3 67. Rd8+ Rd4 68. Ra8 h4 69. Ke1 Ke4 70. Re8+ Kf3 71. Rf8+ Rf4 72.
Rh8 Rg4 73. Rf8+ Kg2 74. Ke2 Rg3 0-1

[Event "FBL 1"]
[Site "Deutschland"]
[Date "2013.03.09"]
[Round "10.3"]
[White "Olsarova, Karolina"]
[Black "Klek, Hanna Marie"]
[Result "1/2-1/2"]
[WhiteElo "2253"]
[BlackElo "2214"]
[PlyCount "176"]
[EventDate "2012.10.06"]
[WhiteTeam "SK Großlehna"]
[BlackTeam "SF Deizisau"]

1. e4 e5 2. Nf3 Nc6 3. Bb5 a6 4. Ba4 Nf6 5. d3 d6 6. c4 Be7 7. Nc3 O-O 8. O-O
Rb8 9. h3 Nd4 10. Nxd4 exd4 11. Ne2 c5 12. Qc2 b5 13. Bb3 Kh8 14. Ng3 Ne8 15.
Bd2 g6 16. Rae1 Ng7 17. Qc1 Bh4 18. Bf4 Ne6 19. Bh6 Re8 20. Re2 Bb7 21. Rfe1
Qc7 22. Kh2 Re7 23. Bf4 Rbe8 24. cxb5 axb5 25. a4 c4 26. Bc2 Nc5 27. Qd2 Bf6
28. axb5 c3 29. Qc1 Qb6 30. bxc3 dxc3 31. Qb1 Ne6 32. Be3 Nd4 33. Rf1 Ra8 34.
Qb4 Rc7 35. Ree1 Ra5 36. Ba4 Rxa4 37. Qxa4 Qxb5 38. Qxb5 Nxb5 39. Ne2 c2 40. f3
Ba6 41. Rf2 Kg8 42. g3 Bb2 43. Bc1 Bf6 44. h4 h5 45. Nf4 Bd4 46. Rg2 Bc3 47.
Rf1 Nd4 48. g4 hxg4 49. fxg4 Rb7 50. Kg3 Rb1 51. Rgg1 Nb3 52. Kf3 Bd2 53. Ba3
Nd4+ 54. Kg2 Bxf4 55. Rxb1 cxb1=Q 56. Rxb1 Bxd3 57. Rb8+ Kg7 58. Bb2 Be5 59.
Kf2 Ne6 60. Ke3 Bc4 61. Rb4 Ba6 62. g5 Nf8 63. Rb6 Bc4 64. Ba3 Nd7 65. Rb7 Be6
66. Ra7 Kf8 67. Ra6 Ke7 68. Kf3 Nc5 69. Ra8 Bd7 70. Ra5 Bd4 71. e5 Bc6+ 72. Kg4
Bd7+ 73. Kf3 Bc6+ 74. Kg4 Bxe5 75. Bxc5 dxc5 76. Rxc5 Kd6 77. Rc1 Bd5 78. h5
gxh5+ 79. Kxh5 Bf3+ 80. Kh6 Be4 81. Rc8 Ke7 82. Rc4 Bg6 83. Rc6 Bd6 84. Kg7 Ke6
85. Ra6 Kd5 86. Ra7 Be5+ 87. Kf8 Ke6 88. Re7+ Kf5 1/2-1/2

[Event "FBL 1"]
[Site "Deutschland"]
[Date "2013.03.09"]
[Round "10.4"]
[White "Rempel, Jana"]
[Black "Lehmann, Christina"]
[Result "1/2-1/2"]
[WhiteElo "2078"]
[BlackElo "2078"]
[PlyCount "34"]
[EventDate "2012.10.06"]
[WhiteTeam "SF Deizisau"]
[BlackTeam "SK Großlehna"]

1. e4 c5 2. c3 d5 3. exd5 Qxd5 4. d4 Nc6 5. Nf3 e6 6. Be3 cxd4 7. cxd4 Nf6 8.
a3 Bd6 9. Nc3 Qa5 10. Bc4 O-O 11. O-O a6 12. b4 Qc7 13. Qd3 b5 14. Ba2 Bb7 15.
Rac1 Rad8 16. Bb1 g6 17. Qe2 Qb8 1/2-1/2

[Event "FBL 1"]
[Site "Deutschland"]
[Date "2013.03.09"]
[Round "10.5"]
[White "Skogvall, Martina"]
[Black "Zeller, Elisa"]
[Result "1-0"]
[WhiteElo "2067"]
[BlackElo "1903"]
[PlyCount "95"]
[EventDate "2012.10.06"]
[WhiteTeam "SK Großlehna"]
[BlackTeam "SF Deizisau"]

1. e4 e6 2. d4 d5 3. Nd2 Nf6 4. e5 Nfd7 5. Ndf3 c5 6. c3 Nc6 7. Bd3 Qb6 8. Ne2
cxd4 9. cxd4 Be7 10. O-O f6 11. Nf4 Nd8 12. Nh5 O-O 13. Re1 Nf7 14. Qc2 f5 15.
Bd2 Qd8 16. Bxf5 exf5 17. e6 Ng5 18. Nxg5 Bxg5 19. exd7 Bxd7 20. Bb4 Re8 21.
Qb3 Be6 22. Qg3 g6 23. Nf4 Bxf4 24. Qxf4 g5 25. Qf3 Qf6 26. Re5 g4 27. Qf4 Rac8
28. Rae1 b6 29. Bd6 Bf7 30. Be7 Qg6 31. g3 Rc7 32. Rxf5 Rcxe7 33. Rxe7 Rxe7 34.
Rg5 h5 35. Rxg6+ Bxg6 36. Qg5 Re1+ 37. Kg2 Kh7 38. f4 gxf3+ 39. Kxf3 Be4+ 40.
Kf2 Rh1 41. Qxh5+ Kg7 42. g4 Rb1 43. Qg5+ Kh7 44. h4 Rxb2+ 45. Kg3 Rxa2 46. h5
b5 47. Qe7+ Kg8 48. h6 1-0

[Event "FBL 1"]
[Site "Deutschland"]
[Date "2013.03.09"]
[Round "10.6"]
[White "Schuette, Anna"]
[Black "Nagel, Verena"]
[Result "0-1"]
[WhiteElo "1494"]
[BlackElo "2007"]
[PlyCount "46"]
[EventDate "2012.10.06"]
[WhiteTeam "SF Deizisau"]
[BlackTeam "SK Großlehna"]

1. e4 e5 2. Nf3 Nc6 3. Bc4 Be7 4. c3 Nf6 5. d3 O-O 6. Be3 d6 7. O-O Nd7 8. Nbd2
Nb6 9. Bb3 Kh8 10. d4 f5 11. dxe5 fxe4 12. Nxe4 Bg4 13. exd6 cxd6 14. Neg5 Bxg5
15. Bxg5 Qd7 16. Qd3 Bxf3 17. gxf3 Ne5 18. Qe3 Nxf3+ 19. Kh1 Rae8 20. Qd3 Nxg5
21. Rg1 Qc6+ 22. Rg2 Rxf2 23. Rag1 Rxg2 0-1

[Event "FBL 1"]
[Site "Deutschland"]
[Date "2013.03.10"]
[Round "11.1"]
[White "Schmidt, Jessica"]
[Black "Socko, Monika"]
[Result "0-1"]
[WhiteElo "2273"]
[BlackElo "2463"]
[PlyCount "80"]
[EventDate "2012.10.06"]
[WhiteTeam "Karlsruher SF 1853"]
[BlackTeam "Hamburger SK von 1830"]

1. d4 Nf6 2. c4 e6 3. Nc3 Bb4 4. e3 O-O 5. Nge2 d5 6. a3 Be7 7. cxd5 exd5 8.
Nf4 c6 9. Bd3 a5 10. O-O Nbd7 11. Re1 Re8 12. e4 dxe4 13. Nxe4 Nxe4 14. Bxe4
Bd6 15. g3 Nf6 16. Bf3 Rxe1+ 17. Qxe1 Bf5 18. Qc3 Ne4 19. Qe3 Ng5 20. Bg2 Bxf4
21. Qxf4 Nh3+ 22. Bxh3 Bxh3 23. Qe4 Qd7 24. Be3 Re8 25. Qh4 Qf5 26. Re1 g5 27.
g4 Bxg4 28. Qg3 h6 29. h4 Bf3 30. Bd2 Rxe1+ 31. Bxe1 Bd5 32. hxg5 h5 33. g6
fxg6 34. Qb8+ Kh7 35. Qc7+ Kh6 36. Bd2+ g5 37. Qd6+ Be6 38. Bxa5 h4 39. Qc5
Qg4+ 40. Kf1 Qd1+ 0-1

[Event "FBL 1"]
[Site "Deutschland"]
[Date "2013.03.10"]
[Round "11.2"]
[White "Schneider, Veronika"]
[Black "Mader, Manuela"]
[Result "1/2-1/2"]
[WhiteElo "2313"]
[BlackElo "2222"]
[PlyCount "106"]
[EventDate "2012.10.06"]
[WhiteTeam "Hamburger SK von 1830"]
[BlackTeam "Karlsruher SF 1853"]

1. e4 c6 2. d4 d5 3. Nc3 dxe4 4. Nxe4 Bf5 5. Ng3 Bg6 6. h4 h6 7. Nh3 e6 8. Nf4
Bh7 9. Bc4 Nf6 10. Qe2 Bd6 11. c3 O-O 12. O-O Re8 13. Be3 Nbd7 14. Rad1 Nb6 15.
Bd3 Bxf4 16. Bxf4 Bxd3 17. Rxd3 Nfd5 18. Bc1 Nf6 19. Nh5 Nxh5 20. Qxh5 Qd5 21.
Qg4 h5 22. Qg3 e5 23. Bh6 g6 24. b3 e4 25. Rd2 Rad8 26. Bg5 Rd7 27. Re1 Qf5 28.
c4 f6 29. Bf4 Kf7 30. Qe3 Qe6 31. Rde2 Rde7 32. Qc3 Qg4 33. Bg3 Qf5 34. Qd2 Nc8
35. Rf1 Kg7 36. Re3 Qg4 37. Kh2 Qd7 38. Rfe1 Nd6 39. Bxd6 Qxd6+ 40. g3 a6 41.
Rd1 Rd8 42. Qc2 f5 43. Re2 Qf6 44. d5 cxd5 45. cxd5 Qe5 46. Qd2 Red7 47. Qb4
Qd6 48. Qd4+ Kf7 49. Red2 Rc8 50. Kg2 Qc5 51. Qe5 Qd6 52. Qd4 Qc5 53. Qe5 Qd6
1/2-1/2

[Event "FBL 1"]
[Site "Deutschland"]
[Date "2013.03.10"]
[Round "11.3"]
[White "Heinatz, Gundula"]
[Black "Hoolt, Sarah"]
[Result "1-0"]
[WhiteElo "2197"]
[BlackElo "2308"]
[PlyCount "79"]
[EventDate "2012.10.06"]
[WhiteTeam "Karlsruher SF 1853"]
[BlackTeam "Hamburger SK von 1830"]

1. d4 Nf6 2. Nf3 g6 3. g3 Bg7 4. Bg2 O-O 5. O-O d6 6. b3 c5 7. Bb2 Nc6 8. d5
Nb4 9. c4 Rb8 10. a3 Na6 11. Nbd2 b5 12. Re1 Qb6 13. cxb5 Qxb5 14. e4 Nc7 15.
Rb1 Na8 16. Bc3 Bg4 17. h3 Bxf3 18. Qxf3 Nb6 19. a4 Qd7 20. Qd3 Nh5 21. Bxg7
Nxg7 22. Kh1 Qc7 23. Bf3 Nd7 24. Qc3 Rb4 25. Be2 e5 26. dxe6 fxe6 27. Kg1 d5
28. Rbc1 Qd6 29. Bb5 d4 30. Qc2 Rc8 31. Nc4 Qc7 32. Nb2 Ne5 33. Kg2 Qb7 34. Nd3
Nxd3 35. Qxd3 Qb6 36. Bc4 Ne8 37. Qf3 Qd6 38. e5 Qe7 39. Re4 Rbb8 40. Rf4 1-0

[Event "FBL 1"]
[Site "Deutschland"]
[Date "2013.03.10"]
[Round "11.4"]
[White "Fuchs, Judith"]
[Black "Kiefhaber, Veronika"]
[Result "1-0"]
[WhiteElo "2292"]
[BlackElo "2229"]
[PlyCount "63"]
[EventDate "2012.10.06"]
[WhiteTeam "Hamburger SK von 1830"]
[BlackTeam "Karlsruher SF 1853"]

1. e4 c5 2. Nf3 g6 3. d4 cxd4 4. Nxd4 Nc6 5. Nc3 Bg7 6. Be3 Nf6 7. Bc4 Qa5 8.
O-O O-O 9. Bb3 d6 10. h3 Bd7 11. Re1 Rfe8 12. Qd3 Rac8 13. f4 Nxd4 14. Bxd4 Bc6
15. e5 dxe5 16. fxe5 Nd5 17. Qf3 Rcd8 18. Qf2 b6 19. Ne4 Rf8 20. Rf1 e6 21.
Nf6+ Nxf6 22. exf6 Bh6 23. c3 Rfe8 24. Rae1 e5 25. Qh4 Bf8 26. Bxf7+ Kxf7 27.
Qxh7+ Ke6 28. f7 Re7 29. Rxe5+ Qxe5 30. Bxe5 Kxe5 31. Qh8+ Ke6 32. Qf6+ 1-0